000 00601nam a2200193 i 4500
001 90338
003 ES-MaACL
005 20231227200320.0
007 t|
008 050120s1921 sp ||||1| spa d
080 _a821.134.2-14"19"
100 1 _aLedesma Miranda, Ramón,
_d1901-1963
_971155
245 1 3 _aLa faz iluminada /
_ceste libro está escrito por Ledesma Miranda.
260 _a[Madrid :
_bs.n.,
_c1921] (
_eMadrid :
_fGráf. Ambos Mundos)
300 _a181 p. :
_b1 retr. aut. ;
_c13 cm.
852 _aES-MaACL
_jG-2651
852 _aES-MaACL
_jG-3569
999 _c90338
_d90338